| 000 | 00730cam a22002531 4500 | ||
|---|---|---|---|
| 001 | 21462 | ||
| 003 | BD-RjUL | ||
| 005 | 20211209000704.0 | ||
| 008 | 140304s19661956ilua b 000 0 eng | ||
| 035 | _a(BD-RjUL)21526 | ||
| 035 | _a(OCoLC)392545 | ||
| 040 |
_aDLC _cODaWU _dBD-RjUL _beng |
||
| 041 | _aeng | ||
| 082 | 0 | 0 |
_a907 _bSCS 1966 |
| 100 | 1 |
_aSchevill, Ferdinand, _d1868-1954. _966303 |
|
| 245 | 1 | 0 |
_aSix historians / _cFerdinand Schevill. |
| 260 |
_aChicago : _bUniversity of Chicago Press, _cc1956 [Reprinted 1966]. |
||
| 300 |
_axv, 200 p. : _billus. ; _c23 cm. |
||
| 504 | _aIncludes bibliographical references. | ||
| 650 | 0 |
_aHistorians. _966304 |
|
| 942 |
_2ddc _cBK |
||
| 999 |
_c21462 _d21462 |
||